00948nam a2200241 a 4500001001000000003000500010005001700015008004100032010001100073011001100084040000900095100003500104245013300139260004100272500006000313502010200373650003400475650002200509650003800531650003300569650003400602856007000636000112533CHAP20220329144311.0160610s2016 mx a fsm |||||||spa d a108994 a109966 cCHAP1 aFernández González, Iván10aEvolución de la pobreza y desigualdad rural en el Estado de Oaxaca, 2010-2014/h[En línea]cpor Ivan Fernández González. aChapingo, Méx. :bEl autor,c2016. aPara ver el contenido del material haga clic en la liga aTesis (Ing. en Economía Agrícola) -- UACH. División de Ciencias Económico Administrativas14aDesarrollo economicozOaxaca.14aIngresoszOaxaca.14aOaxacaxCondiciones económicas.14aOaxacaxCondiciones rurales.14aOaxacaxCondiciones sociales. aFinding aiduhttp://10.13.5.2/tesis/sist112533.pdfzTeclea aquí